Solar power towers; Язык и мировая культура: взгляд молодых исследователей; Ч. 2

Bibliografische gegevens
Parent link:Язык и мировая культура: взгляд молодых исследователей: сборник материалов XIV Всероссийской научно-практической конференции, г. Томск, 26-28 апреля 2014 г./ Национальный исследовательский Томский политехнический университет (ТПУ) ; под ред. Н. А. Качалова.— , 2014
Ч. 2.— 2014.— [С. 124-126]
Hoofdauteur: Safyannikova V. I.
Samenvatting:Заглавие с титульного экрана
Taal:Engels
Gepubliceerd in: 2014
Onderwerpen:
Online toegang:http://earchive.tpu.ru/handle/11683/20647
http://www.lib.tpu.ru/fulltext/c/2014/C89/V2/053.pdf
Formaat: Elektronisch Hoofdstuk
KOHA link:https://koha.lib.tpu.ru/cgi-bin/koha/opac-detail.pl?biblionumber=612093

MARC

LEADER 00000naa2a2200000 4500
001 612093
005 20231101132706.0
035 |a (RuTPU)RU\TPU\conf\10172 
035 |a RU\TPU\conf\10171 
090 |a 612093 
100 |a 20150513d2014 k y0rusy50 ba 
101 0 |a eng 
102 |a RU 
105 |a y z 101zy 
135 |a drcn ---uucaa 
181 0 |a i  
182 0 |a b 
200 1 |a Solar power towers  |f V. I. Safyannikova 
203 |a Текст  |c электронный 
230 |a 1 компьютерный файл (pdf; 257 Кb) 
300 |a Заглавие с титульного экрана 
320 |a [Библиогр.: с. 126 (3 назв.)] 
337 |a Adobe Reader 
461 1 |0 (RuTPU)RU\TPU\conf\9284  |t Язык и мировая культура: взгляд молодых исследователей  |o сборник материалов XIV Всероссийской научно-практической конференции, г. Томск, 26-28 апреля 2014 г.  |o в 2 ч.  |f Национальный исследовательский Томский политехнический университет (ТПУ) ; под ред. Н. А. Качалова  |d 2014 
463 0 |0 (RuTPU)RU\TPU\conf\9286  |t Ч. 2  |v [С. 124-126]  |d 2014 
610 1 |a труды учёных ТПУ 
610 1 |a электронный ресурс 
700 1 |a Safyannikova  |b V. I. 
801 2 |a RU  |b 63413507  |c 20220225  |g RCR 
856 4 |u http://earchive.tpu.ru/handle/11683/20647 
856 4 |u http://www.lib.tpu.ru/fulltext/c/2014/C89/V2/053.pdf 
942 |c BK